| 000 | 00435nam a22001817a 4500 | ||
|---|---|---|---|
| 003 | MPLRDC | ||
| 005 | 20220104143043.0 | ||
| 008 | 210129b ||||| |||| 00| 0 eng d | ||
| 020 | _a978-962-8277-61-2 | ||
| 082 | _a857.9 JWN | ||
| 100 | _a娇无那 | ||
| 245 |
_a我的江湖谁的天下 _c |
||
| 250 | _a初版二刷 | ||
| 260 |
_a香港 _b中原社 _c2007 |
||
| 300 | _b318 | ||
| 650 | _a武侠小说 | ||
| 942 |
_cBK _o857.9 JWN |
||
| 999 |
_c36170 _d36160 |
||